000 00912nas a2200301 4500
001 BR2013008060
003 BR-BrBNA
005 20231205123048.0
007 ta
008 230509b bl.|||p| |||| 00| 00por d
040 _aBR-BrBNA
_bpor
_cBiblioteca Nacional de Agricultura
041 _a(Pt)
072 _aL70
100 1 _aTudary, E.A.
100 1 _aFigueiredo, M.L.
100 1 _aSilva, C.E.S.
100 1 _aAraujo, B.M.
100 1 _aFernandes, T.H.T.
100 1 _aSilva, A.C.
100 1 _aAmorim, M.M.A.
245 1 _aAvulsão das origens lateral e medial do músculo gastrocnêmio em gata: relato de caso
650 _aGATO
650 _aTENDÃO
650 _aCIRURGIA
773 0 _tArquivo Brasileiro de Medicina Veterinária e Zootecnia (Brazil)
_xISSN 0102-0935
_g(Jul 2013), v. 65(3) p. 710-714
_wBR2013008060
909 _a202311
_bLúcia
_c55
_dLúcia Elande
942 _2AGRIS
_n0
_cANA
999 _c231992
_d231992